Responses for Show #4461 - Monday, January 19, 2004

Contestants

[<< previous game]

Asad Jaleel, a student and teacher from Naperville, Illinois

Regina Fitzsimmons, a homemaker from Springfield, Virginia

Frank Amanat, an attorney from South Orange, New Jersey (whose 2-day cash winnings total $44,100)

[next game >>]

Jeopardy! Round responses

THE SPANISH-AMERICAN WAR
A DAY AT THE RACES
MR. BUSINESSMAN
NOT A NATIONAL CAPITAL
SOCKS AND THE CITY
"KING" OF THE WORLD!
    $200 1
the Maine

Frank
    $200 26
the board

Asad
    $200 21
rubber plantations

Frank
    $200 6
Rio de Janeiro

Regina
    $200 16
Boston

Frank
    $200 11
Old King Cole

Frank
    $400 2
the Rough Riders

Frank
    $400 27
the claiming race

Triple Stumper
    $400 22
auction house

Frank
    $400 7
Calcutta

Asad
    $400 17
Charlotte

Frank
    $400 12
king cobra

Frank
    $1,000 3
Guantanamo Bay

Frank
    $600 29
3 years old

Frank
    $600 23
(Regina: What is Virgin?)
(Alex: Regina misunderstood the clue, unfortunately!)

record store, record label, airline

ReginaAsad
    $600 8
Istanbul

Frank
    $600 18
Argyle

Asad
    $600 13
"God Save the King"

Frank
    $800 4
Manila Bay

Frank
    $800 28
the finish line

Regina
    $800 24
(Alex: A minute to go now.)

Hoover

Asad
    $800 9
Karachi

Frank
    $800 19
Gold Toe

Regina
    $800 14
the Kingdome

Regina
    $1000 5
General Garcia

Triple Stumper
    $1000 30
to handicap

Asad
    $1000 25
Fiat

Frank
    $1000 10
Casablanca

Regina
    $1000 20
(Asad: What is Hanes?)

Fruit of the Loom

FrankAsad
    $1000 15
Kingman

Triple Stumper

Scores at the first commercial break (after clue 15):

Frank Regina Asad
$5,000 $2,000 $400

Scores at the end of the Jeopardy! Round:

Frank Regina Asad
$8,800 $3,000 $2,600

Double Jeopardy! Round responses

BALLET
BOOK TO MOVIE
MAYORS
MI CASA ES SU CASA
A WHALE OF A CATEGORY
(Alex: And one of our new favorite categories...)
BEFORE & AFTER
    $400 28
[The end-of-round signal sounds.]

the bar

Asad
    $400 1
Birth of a Nation

Regina
    $400 16
Hiroshima

Frank
    $400 21
Ernest Hemingway

Frank
    $400 6
(Alex: You did that very well!)

Thar she blows!

Asad
    $400 9
Boy George Washington

Frank
    $800 2
Charly

Asad
    $800 17
San Jose

Frank
    $800 22
Francisco Franco

Frank
    $800 7
scrimshaw

Regina
    $800 10
(Asad: What is "Kiss From A Rose Carter"?)

"Kiss From A Rose Kennedy"

FrankAsad
    $3,400 3
Apollo 13

Asad
    $1200 18
(Asad: Who is Ed Koch?)

Abe Beame

Asad
Triple Stumper
    $1200 23
Cervantes

Asad
    $1200 8
fluke

Frank
    $1200 11
Century 21 Jump Street

Triple Stumper
    $1600 27
jete

Frank
    $1600 4
(Asad: What is "Butch Cassidy and the Sundance Kid?")

Hud

Asad
Triple Stumper
    $1600 19
Jerusalem

Frank
    $5,000 24
(Asad: Who is St. Maria Teresa?)
....
(Alex: We have less than a minute to go.)

St. Teresa (of Avila)

Asad
    $1600 14
narwhal

Asad
    $1600 12
Rage Against the Machine Gun

Triple Stumper
    $2000 26
(Asad: What is Pagliacci?)
(Frank: What is The Rite of Spring?)

Petrushka

FrankAsad
Triple Stumper
    $2000 5
Eyes Wide Shut

Asad
    $2000 20
Lee Brown

Triple Stumper
    $2000 25
George Sand

Asad
    $2000 15
keratin

Frank
    $2000 13
Canterbury Tales from the Crypt

Asad

Scores at the end of the Double Jeopardy! Round:

Frank Regina Asad
$16,800 $4,200 $5,800
(lock game)

[wagering suggestions for these scores]

Final Jeopardy! Round responses

RANKS & TITLES
(Alex: Queen Victoria was the [*]; Indira Gandhi was prime minister, but she was known; her nickname was "[*]", also.)
ReginaWhat is Her Magesty?
$4,000
AsadWhat is dame?
$2,700
FrankWhat is Her highness
$5,000
Empress of India

Final scores:

Frank Regina Asad
$11,800 $200 $3,100
3-day champion: $55,900 3rd place: $1,000 2nd place: $2,000

Game dynamics:

Coryat scores:

Frank Regina Asad
$16,400 $4,200 $8,600
26 R
(including 1 DD),
1 W
7 R,
1 W
15 R
(including 1 DD),
6 W
(including 1 DD)

Combined Coryat: $29,200

[game clues] [game scores] [suggest correction]

Game tape date: 2003-11-13
The J! Archive is created by fans, for fans. Scraping, republication, monetization, and malicious use prohibited; this site may use cookies and collect identifying information. See terms. The Jeopardy! game show and all elements thereof, including but not limited to copyright and trademark thereto, are the property of Jeopardy Productions, Inc. and are protected under law. This website is not affiliated with, sponsored by, or operated by Jeopardy Productions, Inc. Join the discussion at JBoard.tv.